[Event "Junior Online 4NCL Division 3"]
[Site "online"]
[Date "2020.08.20"]
[Round "1.137"]
[White "Salguero, Santiago"]
[Black "Singh, Ayush"]
[Result "0-1"]
[WhiteElo "1000"]
[BlackElo "967"]
[PlyCount "108"]
[EventDate "2020.08.20"]
[WhiteTeam "Surrey Kings 2"]
[BlackTeam "St John's College C"]

1. e4 e5 2. Nf3 Nc6 3. Bc4 Bc5 4. d3 d6 5. Nc3 Nf6 6. Be3 Bxe3 7. fxe3 O-O 8.
d4 exd4 9. exd4 Re8 10. e5 dxe5 11. dxe5 Nxe5 12. Nxe5 Rxe5+ 13. Kf1 Rf5+ 14.
Kg1 Qxd1+ 15. Nxd1 Be6 16. Bd3 Re5 17. Nc3 Rg5 18. Be2 Bh3 19. Nd1 Rxg2+ 20.
Kf1 Rxh2+ 21. Kg1 Rxh1+ 22. Kxh1 Re8 23. Nc3 Ne4 24. Re1 Nxc3 25. bxc3 Bg4 26.
Rd1 Bxe2 27. Rd2 Bf3+ 28. Kg1 h6 29. Rf2 Re1+ 30. Rf1 Rxf1+ 31. Kxf1 Be4 32.
Ke1 Bxc2 33. c4 Bb1 34. a3 c5 35. Kd2 g5 36. Kc3 g4 37. a4 a5 38. Kd2 g3 39.
Ke2 h5 40. Kf3 h4 41. Kg2 Be4+ 42. Kg1 h3 43. Kf1 h2 44. Ke2 h1=R 45. Ke3 g2
46. Kxe4 g1=R 47. Kd5 Rg6 48. Kxc5 Rh5+ 49. Kd4 Rg4+ 50. Ke3 Rh3+ 51. Kf2 Ra3
52. Ke2 Rg2+ 53. Kf1 Rb2 54. Ke1 Ra1# 0-1

[Event "Junior Online 4NCL Division 3"]
[Site "online"]
[Date "2020.08.20"]
[Round "1.138"]
[White "Fattorelli, Giulio"]
[Black "Arora, Bukkan"]
[Result "0-1"]
[WhiteElo "872"]
[BlackElo "1000"]
[PlyCount "108"]
[EventDate "2020.08.20"]
[WhiteTeam "St John's College C"]
[BlackTeam "Surrey Kings 2"]

1. e4 d5 2. exd5 Qxd5 3. Nc3 Qf5 4. Bb5+ c6 5. Bd3 Qg5 6. Ne4 Qxg2 7. Qf3 Qxf3
8. Nxf3 Nf6 9. Nxf6+ gxf6 10. O-O Be6 11. Nh4 Bh3 12. Ng2 Bxg2 13. Kxg2 e5 14.
f4 Rg8+ 15. Kh1 exf4 16. Rxf4 Bc5 17. Rf1 Na6 18. Re1+ Kf8 19. b4 Bxb4 20. c3
Bc5 21. Be4 Re8 22. d4 Bd6 23. Bh6+ Ke7 24. Bxh7+ Kd7 25. Bxg8 Rxg8 26. Re2 c5
27. dxc5 Bxc5 28. Rae1 Nc7 29. Be3 Bd6 30. c4 Rh8 31. c5 Bg3 32. Rg1 Be5 33.
Bh6 Rxh6 34. c6+ bxc6 35. Rd2+ Nd5 36. Rg7 Ke6 37. Rg8 Bf4 38. Re2+ Kd6 39.
Rd8+ Kc5 40. Rc2+ Kd4 41. Rf2 Rh3 42. Kg2 Rxh2+ 43. Kf3 Rxf2+ 44. Kxf2 Be3+ 45.
Kf3 f5 46. Re8 f4 47. Ke2 c5 48. Kf3 c4 49. Rc8 c3 50. Ke2 f5 51. Rh8 c2 52.
Rh2 c1=Q 53. Rf2 Qd2+ 54. Kf1 Qxf2# 0-1

[Event "Junior Online 4NCL Division 3"]
[Site "online"]
[Date "2020.08.20"]
[Round "1.141"]
[White "Cepoi, Gesneria-Codruta"]
[Black "Pardeshi, Prachi"]
[Result "1/2-1/2"]
[WhiteElo "1375"]
[BlackElo "523"]
[PlyCount "101"]
[EventDate "2020.08.20"]
[WhiteTeam "Uxbridge Girls"]
[BlackTeam "East Kilbride Bishops"]

1. e4 e5 2. Nf3 Nc6 3. Bc4 Nd4 4. c3 Nxf3+ 5. Qxf3 Qf6 6. d3 Qxf3 7. gxf3 Bc5
8. b4 Bb6 9. Na3 d6 10. Nc2 Bd7 11. Be3 Bxe3 12. fxe3 O-O-O 13. O-O-O Nh6 14.
d4 exd4 15. Rxd4 Ba4 16. Bb3 Bxb3 17. axb3 f5 18. Rhd1 fxe4 19. Rxe4 d5 20. Re5
c6 21. e4 dxe4 22. fxe4 Rxd1+ 23. Kxd1 Rg8 24. b5 Ng4 25. Rh5 cxb5 26. Rxh7
Nf2+ 27. Kc1 Nxe4 28. Kb2 a6 29. Rh4 Nf2 30. c4 g5 31. Rd4 bxc4 32. Rxc4+ Kb8
33. Ne3 Re8 34. Ng4 Re2+ 35. Ka3 Nxg4 36. Rxg4 Rxh2 37. Rxg5 Ka7 38. Ka4 Rh4+
39. b4 b5+ 40. Ka5 Rh6 41. Rg7+ Kb8 42. Rg8+ Kc7 43. Ra8 Kb7 44. Rg8 Rc6 45.
Rg7+ Ka8 46. Rh7 Kb8 47. Rg7 Ka8 48. Rh7 Kb8 49. Rg7 Rc4 50. Rh7 Ka8 51. Rg7
1/2-1/2

[Event "Junior Online 4NCL Division 3"]
[Site "online"]
[Date "2020.08.20"]
[Round "1.142"]
[White "Roul, Karan"]
[Black "Eshwar, Ananya"]
[Result "0-1"]
[WhiteElo "427"]
[BlackElo "947"]
[PlyCount "80"]
[EventDate "2020.08.20"]
[WhiteTeam "East Kilbride Bishops"]
[BlackTeam "Uxbridge Girls"]

1. e4 e6 2. d4 d5 3. exd5 exd5 4. Nc3 Nf6 5. Nf3 Nc6 6. Be3 Be6 7. Bb5 Bd7 8.
a3 Bd6 9. Qd2 a6 10. Bxc6 Bxc6 11. Bg5 O-O 12. g4 Be7 13. Bxf6 Bxf6 14. h4 h6
15. h5 Bd7 16. Rg1 Re8+ 17. Ne2 b5 18. O-O-O Rc8 19. Nc3 c5 20. Nxd5 c4 21.
Nxf6+ Qxf6 22. Ne5 Qe7 23. Nxd7 Qxd7 24. Qa5 Rc6 25. d5 Rd6 26. g5 hxg5 27.
Rxg5 g6 28. hxg6 fxg6 29. f4 Re4 30. f5 Kf7 31. fxg6+ Rxg6 32. Rxg6 Kxg6 33.
Qxa6+ Kf7 34. Qxb5 Qxb5 35. d6 Re8 36. d7 Rd8 37. a4 Qxa4 38. Rf1+ Ke7 39. Re1+
Kd6 40. Rd1+ Kc7 0-1

[Event "Junior Online 4NCL Division 3"]
[Site "online"]
[Date "2020.08.20"]
[Round "1.143"]
[White "Siddiqui, Zainab"]
[Black "Narasimhan, Srivathsan"]
[Result "0-1"]
[WhiteElo "835"]
[BlackElo "410"]
[PlyCount "104"]
[EventDate "2020.08.20"]
[WhiteTeam "Uxbridge Girls"]
[BlackTeam "East Kilbride Bishops"]

1. e4 e5 2. Bc4 Nf6 3. Qf3 Nc6 4. Nh3 Nd4 5. Qd1 Bc5 6. c3 Nc6 7. Qf3 O-O 8.
O-O d6 9. d3 Bg4 10. Qg3 Qd7 11. b4 Nh5 12. Qe3 Bxe3 13. Bxe3 Bxh3 14. gxh3
Qxh3 15. Na3 Ne7 16. Rfd1 Ng6 17. d4 Ngf4 18. Bxf4 Nxf4 19. Bf1 Qg4+ 20. Kh1
Qf3+ 21. Kg1 Nh3+ 22. Bxh3 Qxh3 23. dxe5 dxe5 24. Nb5 Qg4+ 25. Kf1 Qxe4 26. Re1
Qc4+ 27. Re2 Qxb5 28. a4 Qc4 29. Rc1 Rad8 30. Ke1 Qg4 31. Rec2 Qg1+ 32. Ke2
Qxh2 33. b5 Qh5+ 34. f3 Qh2+ 35. Ke3 Qf4+ 36. Kf2 Rd2+ 37. Ke1 Rxc2 38. Rxc2
Qg3+ 39. Kd1 Qxf3+ 40. Kc1 Qe3+ 41. Rd2 Rd8 42. Kc2 Qxd2+ 43. Kb3 Qd5+ 44. Kb2
Qc4 45. Kc2 Qxa4+ 46. Kb2 Qxb5+ 47. Kc2 Qd5 48. c4 Qd3+ 49. Kb2 Rd6 50. Ka2
Qxc4+ 51. Kb2 Rb6+ 52. Ka1 Qa6# 0-1

[Event "Junior Online 4NCL Division 3"]
[Site "online"]
[Date "2020.08.20"]
[Round "1.144"]
[White "Roul, Tushar"]
[Black "Vijayakumar, Mrinali"]
[Result "1-0"]
[WhiteElo "395"]
[BlackElo "842"]
[PlyCount "65"]
[EventDate "2020.08.20"]
[WhiteTeam "East Kilbride Bishops"]
[BlackTeam "Uxbridge Girls"]

1. e4 e5 2. Nf3 Nc6 3. Nc3 Nf6 4. d4 d6 5. dxe5 Nxe5 6. Nxe5 Bg4 7. Nxg4 Nxg4
8. Qxg4 Qf6 9. Qf5 Be7 10. Qxf6 Bxf6 11. Nb5 O-O-O 12. Nc3 g5 13. Be3 Rhe8 14.
O-O-O h5 15. Be2 g4 16. h3 d5 17. hxg4 hxg4 18. Bxg4+ Rd7 19. Bxd7+ Kxd7 20.
Nxd5 Bg7 21. Nf6+ Ke7 22. Nxe8 Kxe8 23. Bd4 Bf8 24. Bxa7 c5 25. Rh8 f5 26. Bxc5
Kf7 27. Rxf8+ Kg7 28. Rd7+ Kg6 29. Rxb7 fxe4 30. f3 e3 31. Bxe3 Kh5 32. Rg8 Kh4
33. Rh7# 1-0

[Event "Junior Online 4NCL Division 3"]
[Site "online"]
[Date "2020.08.20"]
[Round "1.145"]
[White "Pardeshi, Prachi"]
[Black "Cepoi, Gesneria-Codruta"]
[Result "1-0"]
[WhiteElo "523"]
[BlackElo "1375"]
[PlyCount "51"]
[EventDate "2020.08.20"]
[WhiteTeam "East Kilbride Bishops"]
[BlackTeam "Uxbridge Girls"]

1. e4 e5 2. Nf3 Nc6 3. Bb5 a6 4. Bxc6 dxc6 5. Nxe5 Qd4 6. Nf3 Qxe4+ 7. Qe2 Bf5
8. Nc3 Qxe2+ 9. Nxe2 Bxc2 10. O-O Bd3 11. Re1 O-O-O 12. Nf4 Bf5 13. Ne5 Nh6 14.
d3 Bd6 15. d4 f6 16. Nf3 g5 17. Nh5 Rdf8 18. Ng7 Bf4 19. Bxf4 gxf4 20. Nxf5 Re8
21. Nxh6 Rhf8 22. Rxe8+ Rxe8 23. h3 Rf8 24. Re1 Kd7 25. Nf5 Rf7 26. Re4 1-0

[Event "Junior Online 4NCL Division 3"]
[Site "online"]
[Date "2020.08.20"]
[Round "1.146"]
[White "Eshwar, Ananya"]
[Black "Roul, Karan"]
[Result "1-0"]
[WhiteElo "947"]
[BlackElo "427"]
[PlyCount "69"]
[EventDate "2020.08.20"]
[WhiteTeam "Uxbridge Girls"]
[BlackTeam "East Kilbride Bishops"]

1. d4 d5 2. Bf4 Nc6 3. e3 Nf6 4. Nf3 Bg4 5. Bd3 Bxf3 6. Qxf3 e6 7. Qd1 Bd6 8.
Bxd6 Qxd6 9. O-O e5 10. e4 exd4 11. exd5 Qb4 12. dxc6 Qxb2 13. Nd2 bxc6 14. h3
O-O 15. Nc4 Qc3 16. Rb1 Rab8 17. Rb3 Rxb3 18. axb3 Re8 19. Na3 Ne4 20. Bxe4
Rxe4 21. Nb1 Qb4 22. Nd2 Re5 23. Nf3 Rd5 24. Re1 h6 25. Re4 c5 26. Ne5 f6 27.
Nd3 Qc3 28. Nf4 Rd6 29. Ne2 Qb4 30. Nf4 Qc3 31. Re8+ Kf7 32. Re1 d3 33. cxd3
Rd4 34. Ne2 Qb4 35. Nxd4 1-0

[Event "Junior Online 4NCL Division 3"]
[Site "online"]
[Date "2020.08.20"]
[Round "1.147"]
[White "Narasimhan, Srivathsan"]
[Black "Siddiqui, Zainab"]
[Result "0-1"]
[WhiteElo "410"]
[BlackElo "835"]
[PlyCount "68"]
[EventDate "2020.08.20"]
[WhiteTeam "East Kilbride Bishops"]
[BlackTeam "Uxbridge Girls"]

1. e4 e5 2. Nf3 Nf6 3. Nc3 d5 4. exd5 Nxd5 5. Bb5+ c6 6. Nxd5 Qxd5 7. Bd3 e4 8.
Qe2 Be7 9. Bc4 Qh5 10. Qxe4 Bf5 11. Qe5 f6 12. Qe3 b5 13. Be6 Bxe6 14. Qxe6 Nd7
15. O-O Nc5 16. Qxc6+ Kf7 17. Qxb5 g6 18. Qc4+ Ne6 19. Re1 Qf5 20. Nd4 Rac8 21.
Qb3 Rb8 22. Qxe6+ Qxe6 23. Rxe6 Bc5 24. c3 Bxd4 25. Rc6 Be5 26. d4 Rhc8 27. Ra6
Bc7 28. Rxa7 f5 29. Bf4 Ke8 30. Bxc7 Rxb2 31. Re1+ Kf8 32. Bd6+ Kg8 33. Ree7
Rb1+ 34. Re1 Rxe1# 0-1

[Event "Junior Online 4NCL Division 3"]
[Site "online"]
[Date "2020.08.20"]
[Round "1.148"]
[White "Vijayakumar, Mrinali"]
[Black "Roul, Tushar"]
[Result "1/2-1/2"]
[WhiteElo "842"]
[BlackElo "395"]
[PlyCount "108"]
[EventDate "2020.08.20"]
[WhiteTeam "Uxbridge Girls"]
[BlackTeam "East Kilbride Bishops"]

1. e4 d5 2. e5 d4 3. Bb5+ Bd7 4. Qe2 Bxb5 5. Qxb5+ Qd7 6. Qc5 Nc6 7. e6 Qxe6+
8. Ne2 O-O-O 9. O-O Qxe2 10. Qf5+ Qe6 11. Qd3 Nb4 12. Qb3 Qxb3 13. axb3 Nxc2
14. Rxa7 Kb8 15. Ra4 Nf6 16. d3 e5 17. Na3 Nxa3 18. bxa3 b5 19. Ra5 c6 20. a4
Kb7 21. axb5 cxb5 22. Rxb5+ Ka6 23. Rxe5 Re8 24. Rf5 Rb8 25. Bf4 Rxb3 26. Ra1+
Ra3 27. Rb1 Rxd3 28. Rfb5 Rd1+ 29. Rxd1 Kxb5 30. Rxd4 Bc5 31. Rd3 Re8 32. Rb3+
Kc6 33. Bd2 Re2 34. Rd3 Rxf2 35. g3 Rxd2+ 36. Re3 Bxe3+ 37. Kf1 Rxh2 38. Ke1
Kd5 39. g4 Nxg4 40. Kf1 f5 41. Ke1 f4 42. Kd1 f3 43. Ke1 Ke4 44. Kf1 Kd3 45.
Ke1 f2+ 46. Kf1 Kc4 47. Ke2 h5 48. Kf1 g6 49. Ke2 h4 50. Kf1 Rh1+ 51. Ke2 Kc5
52. Kd3 f1=Q+ 53. Kc2 Qd1+ 54. Kc3 Rh2 1/2-1/2

[Event "Junior Online 4NCL Division 3"]
[Site "online"]
[Date "2020.08.20"]
[Round "1.151"]
[White "Jayawarna, Thisumi"]
[Black "Goswami, Pratyush"]
[Result "0-1"]
[WhiteElo "1637"]
[BlackElo "1262"]
[PlyCount "104"]
[EventDate "2020.08.20"]
[WhiteTeam "Manchester Juniors B"]
[BlackTeam "Rhodes Avenue Bishops"]

1. e4 c5 2. Nf3 Nc6 3. d4 cxd4 4. Nxd4 e6 5. c4 Be7 6. Nc3 Bf6 7. Be3 Nge7 8.
Be2 O-O 9. O-O Qc7 10. Ncb5 Qd8 11. Qd2 a6 12. Nd6 Qc7 13. Nxc6 Nxc6 14. Rad1
Be5 15. Bf4 Bxf4 16. Qxf4 e5 17. Qg3 Nd4 18. Bg4 Qxd6 19. Rd3 Qf6 20. Rfd1 d6
21. Kf1 Bxg4 22. Qxg4 Qg6 23. Qxg6 fxg6 24. f3 g5 25. Kg1 Rac8 26. b3 b5 27.
cxb5 axb5 28. R3d2 h5 29. h3 Rf4 30. Kf2 g4 31. hxg4 hxg4 32. Kg3 gxf3 33. gxf3
Rxf3+ 34. Kg2 Rcc3 35. Kh1 Rh3+ 36. Rh2 Rxh2+ 37. Kxh2 Rc2+ 38. Kh1 Rxa2 39.
Kg1 Rb2 40. b4 Rxb4 41. Kf2 Rc4 42. Ke3 Rc3+ 43. Kd2 b4 44. Rb1 Rb3 45. Rc1
Rb2+ 46. Kd3 b3 47. Kc4 Rc2+ 48. Rxc2 bxc2 49. Kc3 c1=Q+ 50. Kb4 Qc5+ 51. Ka4
Qb5+ 52. Ka3 Qb3# 0-1

[Event "Junior Online 4NCL Division 3"]
[Site "online"]
[Date "2020.08.20"]
[Round "1.152"]
[White "Dayle, Julian"]
[Black "Eccleston, Bryony"]
[Result "0-1"]
[WhiteElo "1000"]
[BlackElo "1397"]
[PlyCount "172"]
[EventDate "2020.08.20"]
[WhiteTeam "Rhodes Avenue Bishops"]
[BlackTeam "Manchester Juniors B"]

1. e4 e6 2. d4 d5 3. Nc3 dxe4 4. Nxe4 Bd7 5. Bf4 Bc6 6. f3 Nd7 7. Bc4 Ngf6 8.
Nxf6+ Nxf6 9. Ne2 Bd6 10. Bg5 h6 11. Bf4 O-O 12. O-O Nd5 13. Bxd5 Bxd5 14. Qd3
Re8 15. c4 Bc6 16. b3 Bc5 17. Rad1 Bf8 18. Ng3 Qd7 19. Ne4 Rad8 20. Bxh6 f5 21.
Nc5 Bxc5 22. dxc5 Qxd3 23. Rxd3 Rxd3 24. Bf4 Re7 25. Bg5 Red7 26. Kf2 Kf7 27.
Re1 Rd1 28. Re5 Ra1 29. Re2 Kg6 30. h4 Kf7 31. h5 Rdd1 32. Ke3 Re1 33. Rxe1
Rxe1+ 34. Kf2 Ra1 35. g4 fxg4 36. fxg4 Rxa2+ 37. Kg3 Rg2+ 38. Kf4 Re2 39. Bd8
Rh2 40. Kg3 Rh1 41. Kf4 Kg8 42. Kg5 Kh7 43. Bxc7 Bf3 44. b4 a6 45. b5 axb5 46.
cxb5 Rb1 47. b6 Rh1 48. c6 Bxc6 49. Kf4 Kh6 50. Kg3 g6 51. Bf4+ Kg7 52. Be5+
Kf7 53. Kf4 gxh5 54. g5 Rg1 55. Bd4 Kg6 56. Bxg1 e5+ 57. Kxe5 Kxg5 58. Be3+ Kg4
59. Kf6 h4 60. Bd4 h3 61. Be5 Kf3 62. Ke6 Ke4 63. Kd6 Kd3 64. Kc7 Kc4 65. Kd6
Kb5 66. Kc7 Be4 67. Kd6 Kxb6 68. Ke6 Kc5 69. Bd6+ Kc4 70. Kd7 b5 71. Kc7 b4 72.
Be5 b3 73. Kb6 Kd3 74. Kb5 Kc2 75. Kb4 b2 76. Bxb2 Kxb2 77. Kc4 h2 78. Kc5 h1=Q
79. Kd6 Qh5 80. Kc7 Qg6 81. Kc8 Qg7 82. Kd8 Kc3 83. Kc8 Kb4 84. Kb8 Kb5 85. Kc8
Kc6 86. Kd8 Qd7# 0-1

[Event "Junior Online 4NCL Division 3"]
[Site "online"]
[Date "2020.08.20"]
[Round "1.153"]
[White "Correa, Rebecca"]
[Black "Crewe, Ben"]
[Result "1-0"]
[WhiteElo "1390"]
[BlackElo "875"]
[PlyCount "59"]
[EventDate "2020.08.20"]
[WhiteTeam "Manchester Juniors B"]
[BlackTeam "Rhodes Avenue Bishops"]

1. d4 d5 2. Nf3 Bf5 3. Bf4 Nc6 4. c3 Nf6 5. h3 e6 6. e3 a6 7. Be2 Be7 8. O-O h6
9. Nbd2 O-O 10. Rc1 b5 11. Ne5 Nxe5 12. Bxe5 c6 13. Nb3 Bd6 14. Bxd6 Qxd6 15.
Nc5 Nh7 16. Bg4 Bxg4 17. Qxg4 Nf6 18. Qh4 Nd7 19. Nd3 a5 20. Rfe1 Rfc8 21. e4
b4 22. e5 Qb8 23. Re3 bxc3 24. Rxc3 Nb6 25. Rg3 Na4 26. Qxh6 g6 27. Rc2 Qa7 28.
Rg4 Rab8 29. Rh4 Rc7 30. Qh8# 1-0

[Event "Junior Online 4NCL Division 3"]
[Site "online"]
[Date "2020.08.20"]
[Round "1.154"]
[White "Groshong, William"]
[Black "Fairclough, William"]
[Result "0-1"]
[WhiteElo "900"]
[BlackElo "1337"]
[PlyCount "84"]
[EventDate "2020.08.20"]
[WhiteTeam "Rhodes Avenue Bishops"]
[BlackTeam "Manchester Juniors B"]

1. e4 e5 2. Nf3 Nc6 3. d4 exd4 4. Bc4 Nf6 5. Bg5 h6 6. Bxf6 Qxf6 7. O-O Bc5 8.
c3 dxc3 9. Nxc3 O-O 10. Nd5 Qxb2 11. Nxc7 Rb8 12. Rb1 Qf6 13. Nd5 Qg6 14. e5
Qf5 15. Rb5 Ba3 16. Qb3 Be7 17. Qc3 d6 18. Nd4 Qxe5 19. Re1 Qxd4 20. Nxe7+ Kh8
21. Qc2 Nxe7 22. Rxe7 Qa1+ 23. Rb1 Qf6 24. Re3 Bf5 25. Bd3 Rbc8 26. Qd2 Bxd3
27. Rxd3 Rfe8 28. Rxd6 Qe5 29. Kf1 Qxh2 30. Qe2 Rxe2 31. Kxe2 Qxd6 32. Rxb7
Rc2+ 33. Ke3 Qa3+ 34. Kd4 Rxf2 35. Rb3 Qxa2 36. Rg3 Qa4+ 37. Kd5 Rf5+ 38. Kd6
Qa6+ 39. Ke7 Qe6+ 40. Kd8 Rd5+ 41. Kc7 Rd7+ 42. Kb8 Qe8# 0-1

[Event "Junior Online 4NCL Division 3"]
[Site "online"]
[Date "2020.08.20"]
[Round "1.155"]
[White "Goswami, Pratyush"]
[Black "Jayawarna, Thisumi"]
[Result "1-0"]
[WhiteElo "1262"]
[BlackElo "1637"]
[PlyCount "61"]
[EventDate "2020.08.20"]
[WhiteTeam "Rhodes Avenue Bishops"]
[BlackTeam "Manchester Juniors B"]

1. d4 Nf6 2. c4 c5 3. d5 e6 4. dxe6 fxe6 5. Bg5 Nc6 6. Nc3 Be7 7. Nf3 O-O 8. e3
Qb6 9. b3 Qb4 10. Rc1 Re8 11. Bd3 Qa5 12. O-O Qa6 13. Na4 Rf8 14. e4 b6 15. e5
Ne8 16. Be4 Bxg5 17. Nxg5 h6 18. Nh3 Rb8 19. Qh5 Bb7 20. Qg6 Rf7 21. Qh7+ Kf8
22. Bg6 Nxe5 23. Bxf7 Kxf7 24. f4 Ng4 25. f5 e5 26. Qg6+ Kg8 27. Qxg4 Bc6 28.
f6 d5 29. f7+ Kf8 30. fxe8=Q+ Kxe8 31. Qe6+ 1-0

[Event "Junior Online 4NCL Division 3"]
[Site "online"]
[Date "2020.08.20"]
[Round "1.156"]
[White "Eccleston, Bryony"]
[Black "Dayle, Julian"]
[Result "1-0"]
[WhiteElo "1397"]
[BlackElo "1000"]
[PlyCount "77"]
[EventDate "2020.08.20"]
[WhiteTeam "Manchester Juniors B"]
[BlackTeam "Rhodes Avenue Bishops"]

1. d4 d5 2. Bf4 Bf5 3. e3 Nc6 4. Nf3 Nf6 5. c4 dxc4 6. Bxc4 e6 7. Nc3 Bb4 8.
Qb3 b6 9. O-O O-O 10. a3 Bxc3 11. Qxc3 Ne4 12. Qb3 Bg4 13. Qc2 Qf6 14. Qxe4 Ne7
15. Bd3 Bf5 16. Bg5 Qg6 17. Qh4 Bxd3 18. Ne5 Qf5 19. Bxe7 Rfe8 20. Rfd1 Be4 21.
Bb4 f6 22. Nc4 Qg6 23. Qg3 Qh5 24. Nd2 Bc2 25. Re1 e5 26. Rac1 Bf5 27. Qf3 Bg4
28. Qg3 e4 29. h3 Bf5 30. Rxc7 g6 31. Rec1 h6 32. Be7 Qe2 33. R1c2 Qe1+ 34. Kh2
g5 35. Bxf6 Qe2 36. Rg7+ Kf8 37. Rcc7 Be6 38. Qd6+ Re7 39. Qxe7# 1-0

[Event "Junior Online 4NCL Division 3"]
[Site "online"]
[Date "2020.08.20"]
[Round "1.157"]
[White "Crewe, Ben"]
[Black "Correa, Rebecca"]
[Result "0-1"]
[WhiteElo "875"]
[BlackElo "1390"]
[PlyCount "72"]
[EventDate "2020.08.20"]
[WhiteTeam "Rhodes Avenue Bishops"]
[BlackTeam "Manchester Juniors B"]

1. e4 c5 2. Nf3 d6 3. Nc3 Nf6 4. b3 a6 5. Bb2 Nbd7 6. Bc4 e6 7. d3 Be7 8. Nd2
b5 9. Bxe6 fxe6 10. h3 Bb7 11. Ne2 Qc7 12. f4 c4 13. bxc4 bxc4 14. Nxc4 Nb6 15.
Nd2 Na4 16. Bxf6 Bxf6 17. g4 Bxa1 18. Qxa1 Qxc2 19. Qxg7 Qb2 20. Qxb2 Nxb2 21.
O-O Nxd3 22. Rb1 Bc6 23. Rb6 Kd7 24. e5 dxe5 25. fxe5 Nxe5 26. Nd4 Bd5 27. a4
Rhc8 28. Kf2 Rc3 29. h4 Nxg4+ 30. Ke2 Ne5 31. h5 Nc4 32. Nxc4 Bxc4+ 33. Kd2
Rd3+ 34. Kc2 Rxd4 35. Rb7+ Kc6 36. Rxh7 Bd3+ 0-1

[Event "Junior Online 4NCL Division 3"]
[Site "online"]
[Date "2020.08.20"]
[Round "1.158"]
[White "Fairclough, William"]
[Black "Groshong, William"]
[Result "1/2-1/2"]
[WhiteElo "1337"]
[BlackElo "900"]
[PlyCount "65"]
[EventDate "2020.08.20"]
[WhiteTeam "Manchester Juniors B"]
[BlackTeam "Rhodes Avenue Bishops"]

1. e4 e5 2. Nf3 Bc5 3. Nxe5 Qe7 4. d4 f6 5. dxc5 Qxe5 6. Nc3 Qxc5 7. Be3 Qe5 8.
f4 Qa5 9. Qd4 Nc6 10. Qd1 d6 11. f5 g6 12. Bc4 gxf5 13. Qh5+ Kd7 14. Qf7+ Nge7
15. Be6+ Kd8 16. Qxf6 Re8 17. O-O-O Bxe6 18. Qxe6 fxe4 19. Nxe4 Nc8 20. Bg5+
N6e7 21. Be3 c6 22. Nxd6 Nd5 23. Nxb7+ Kc7 24. Qf7+ Re7 25. Bf4+ Kxb7 26. Qf5
Qa4 27. Rxd5 cxd5 28. Qxd5+ Qc6 29. Qb3+ Qb6 30. Qf3+ Qc6 31. Qb3+ Qb6 32. Qf3+
Qc6 33. Qb3+ 1/2-1/2

[Event "Junior Online 4NCL Division 3"]
[Site "online"]
[Date "2020.08.20"]
[Round "1.161"]
[White "Joshi, Aarav"]
[Black "Sehgal, Garv"]
[Result "1-0"]
[WhiteElo "1225"]
[BlackElo "1000"]
[PlyCount "69"]
[EventDate "2020.08.20"]
[WhiteTeam "May The Fork Be With You 3"]
[BlackTeam "Leicestershire Juniors 4"]

1. e4 e5 2. Nf3 Nc6 3. Bc4 Bc5 4. c3 d6 5. d4 d5 6. exd5 Na5 7. dxc5 Nxc4 8.
Qa4+ Bd7 9. Qxc4 Nf6 10. O-O O-O 11. Nxe5 b5 12. Qd4 Bf5 13. Be3 c6 14. Nxc6
Qe7 15. Nxe7+ Kh8 16. d6 h6 17. c6 Rad8 18. c7 Rde8 19. Qxa7 g5 20. Qc5 h5 21.
Nxf5 Nd7 22. Qxb5 Ne5 23. Bd4 f6 24. Bxe5 fxe5 25. Ne3 e4 26. d7 Rd8 27. cxd8=Q
Rxd8 28. Qe5+ Kh7 29. Qe7+ Kg6 30. Qxd8 g4 31. Qg8+ Kf6 32. Nd5+ Ke5 33. d8=Q
h4 34. Qgg5+ Ke6 35. Qde7# 1-0

[Event "Junior Online 4NCL Division 3"]
[Site "online"]
[Date "2020.08.20"]
[Round "1.163"]
[White "Srinivasan, Gowri"]
[Black "Morris, Conor"]
[Result "1-0"]
[WhiteElo "1262"]
[BlackElo "992"]
[PlyCount "55"]
[EventDate "2020.08.20"]
[WhiteTeam "May The Fork Be With You 3"]
[BlackTeam "Leicestershire Juniors 4"]

1. d4 d5 2. Nc3 Nf6 3. Nf3 Nc6 4. Bf4 Bf5 5. e3 e6 6. Bb5 Bb4 7. Ne5 Bxc3+ 8.
bxc3 a6 9. Nxc6 bxc6 10. Bxc6+ Nd7 11. Bxa8 Qxa8 12. Bxc7 Qb7 13. Bf4 Qb5 14.
a4 Qc4 15. Qd2 Qc6 16. O-O Nb6 17. a5 Na4 18. Ra3 e5 19. dxe5 Bd7 20. Rfa1 Qg6
21. Rxa4 Bxa4 22. Rxa4 d4 23. Qxd4 Qg4 24. c4 O-O 25. c5 Re8 26. c6 Re6 27. c7
Rc6 28. Qd8# 1-0

[Event "Junior Online 4NCL Division 3"]
[Site "online"]
[Date "2020.08.20"]
[Round "1.164"]
[White "Dahi, Varad Prakash"]
[Black "Barbier-Ramaiah, Rohan Theo"]
[Result "1/2-1/2"]
[WhiteElo "895"]
[BlackElo "1180"]
[PlyCount "39"]
[EventDate "2020.08.20"]
[WhiteTeam "Leicestershire Juniors 4"]
[BlackTeam "May The Fork Be With You 3"]

1. e4 e5 2. Nf3 Nc6 3. Bb5 a6 4. Bxc6 dxc6 5. O-O Bd6 6. Nc3 Bg4 7. d3 Qf6 8.
h3 Bxf3 9. Qxf3 Qxf3 10. gxf3 O-O-O 11. Rd1 Nf6 12. Kf1 Bc5 13. Ke2 Rhg8 14.
Bg5 Be7 15. Bxf6 Bxf6 16. Rg1 g6 17. Rg4 h5 18. Rgg1 Bh4 19. Rgf1 g5 20. b3
1/2-1/2

[Event "Junior Online 4NCL Division 3"]
[Site "online"]
[Date "2020.08.20"]
[Round "1.165"]
[White "Sehgal, Garv"]
[Black "Joshi, Aarav"]
[Result "0-1"]
[WhiteElo "1000"]
[BlackElo "1225"]
[PlyCount "136"]
[EventDate "2020.08.20"]
[WhiteTeam "Leicestershire Juniors 4"]
[BlackTeam "May The Fork Be With You 3"]

1. e4 c5 2. Bc4 e6 3. Nc3 b6 4. Nf3 Bb7 5. d3 d5 6. exd5 exd5 7. Bb5+ Nc6 8.
Bxc6+ Bxc6 9. Qe2+ Qe7 10. Bg5 Qxe2+ 11. Nxe2 Bd6 12. Ng3 h6 13. Bd2 O-O-O 14.
O-O Ne7 15. Rae1 f5 16. c4 d4 17. Bf4 Bxf4 18. Rxe7 Bxg3 19. fxg3 g5 20. h3 Kb8
21. Re6 Bd7 22. Re7 Kc7 23. Ree1 Rhg8 24. g4 fxg4 25. hxg4 Bxg4 26. Re7+ Rd7
27. Rxd7+ Bxd7 28. Ne5 Kd6 29. Nf7+ Ke7 30. Nxh6 Rh8 31. Nf5+ Kf6 32. Nxd4+ Ke5
33. Nf3+ Kf4 34. Nd4+ Ke3 35. Nc2+ Kxd3 36. Ne1+ Kxc4 37. b3+ Kb4 38. Nc2+ Kc3
39. Rc1 Kb2 40. Rd1 Bc8 41. Ne3 Kxa2 42. Rd5 Kxb3 43. Rxg5 a5 44. Rg6 b5 45.
Rc6 c4 46. Rc5 Kb4 47. Rc7 a4 48. Nd5+ Kb3 49. Rc5 b4 50. Rb5 Ka3 51. Rxb4 Rh5
52. Rxc4 Rxd5 53. Rxc8 Ra5 54. Rc4 Kb3 55. Rd4 a3 56. g4 a2 57. Rd3+ Kc2 58.
Re3 a1=Q+ 59. Kf2 Qf6+ 60. Kg3 Qd6+ 61. Kh4 Qh6+ 62. Kg3 Qxe3+ 63. Kh4 Qg5+ 64.
Kg3 Ra3+ 65. Kf2 Qf4+ 66. Kg2 Rg3+ 67. Kh2 Qf2+ 68. Kh1 Qg2# 0-1

[Event "Junior Online 4NCL Division 3"]
[Site "online"]
[Date "2020.08.20"]
[Round "1.167"]
[White "Morris, Conor"]
[Black "Srinivasan, Gowri"]
[Result "0-1"]
[WhiteElo "992"]
[BlackElo "1262"]
[PlyCount "62"]
[EventDate "2020.08.20"]
[WhiteTeam "Leicestershire Juniors 4"]
[BlackTeam "May The Fork Be With You 3"]

1. e4 e5 2. Qh5 Nc6 3. Bc4 g6 4. Qf3 Nf6 5. d3 Bc5 6. Bg5 Be7 7. Bxf6 Bxf6 8.
Nh3 d6 9. Nc3 Nd4 10. Qd1 Bxh3 11. gxh3 Qd7 12. Nd5 Be7 13. Nc3 O-O-O 14. Bb3
Qxh3 15. Bd5 f5 16. exf5 Qxf5 17. Na4 e4 18. dxe4 Qe5 19. c3 Ne6 20. c4 c6 21.
Bxe6+ Qxe6 22. c5 Qxe4+ 23. Qe2 Qxh1+ 24. Qf1 Qe4+ 25. Qe2 Qxa4 26. Qxe7 Rde8
27. Qxe8+ Rxe8+ 28. Kf1 Qb5+ 29. Kg1 Qxc5 30. Kf1 Rf8 31. Re1 Qxf2# 0-1

[Event "Junior Online 4NCL Division 3"]
[Site "online"]
[Date "2020.08.20"]
[Round "1.168"]
[White "Barbier-Ramaiah, Rohan Theo"]
[Black "Dahi, Varad Prakash"]
[Result "1-0"]
[WhiteElo "1180"]
[BlackElo "895"]
[PlyCount "47"]
[EventDate "2020.08.20"]
[WhiteTeam "May The Fork Be With You 3"]
[BlackTeam "Leicestershire Juniors 4"]

1. d4 e6 2. c4 Nf6 3. Nc3 Bb4 4. Qc2 Bxc3+ 5. bxc3 Nc6 6. e4 e5 7. d5 Ne7 8.
Bg5 Ng6 9. Nf3 d6 10. Be2 Bg4 11. h3 Bxf3 12. Bxf3 O-O 13. O-O b6 14. Bh5 a5
15. f4 exf4 16. Bxg6 hxg6 17. Rxf4 a4 18. Raf1 Nd7 19. Bxd8 Raxd8 20. Rh4 Nf6
21. Rxf6 gxf6 22. Qd2 Kg7 23. Qh6+ Kg8 24. Qh7# 1-0